<?xml version="1.0" encoding="UTF-8"?>
<record
    xmlns:xsi="http://www.w3.org/2001/XMLSchema-instance"
    xsi:schemaLocation="http://www.loc.gov/MARC21/slim http://www.loc.gov/standards/marcxml/schema/MARC21slim.xsd"
    xmlns="http://www.loc.gov/MARC21/slim">

  <leader>00659nam a2200205   4500</leader>
  <controlfield tag="003">SEM</controlfield>
  <controlfield tag="005">20250606112415.0</controlfield>
  <controlfield tag="008">250606s1982    ai ||||gr||||||01|||arm|d</controlfield>
  <datafield tag="040" ind1=" " ind2=" ">
    <subfield code="a">SEM</subfield>
    <subfield code="c">SEM</subfield>
  </datafield>
  <datafield tag="041" ind1=" " ind2=" ">
    <subfield code="a">arm</subfield>
  </datafield>
  <datafield tag="080" ind1=" " ind2=" ">
    <subfield code="a">891.981-3/&#x540;-17</subfield>
  </datafield>
  <datafield tag="100" ind1=" " ind2=" ">
    <subfield code="a">&#x540;&#x561;&#x56F;&#x578;&#x562;&#x575;&#x561;&#x576;, &#x544;&#x56B;&#x584;&#x561;&#x575;&#x565;&#x56C;</subfield>
    <subfield code="d">(1925-1983)</subfield>
  </datafield>
  <datafield tag="245" ind1=" " ind2=" ">
    <subfield code="a">&#x53F;&#x578;&#x574;&#x56B;&#x57D;&#x561;&#x580;&#x568; /</subfield>
    <subfield code="c">&#x544;. &#x540;&#x561;&#x56F;&#x578;&#x562;&#x575;&#x561;&#x576; ; &#x53D;&#x574;&#x562;.&#x55D; &#x54D;. &#x540;. &#x548;&#x582;&#x574;&#x561;&#x57C;&#x575;&#x561;&#x576;</subfield>
  </datafield>
  <datafield tag="260" ind1=" " ind2=" ">
    <subfield code="a">&#x535;&#x580;&#x587;&#x561;&#x576; :</subfield>
    <subfield code="b">&#xAB;&#x54D;&#x578;&#x57E;&#x565;&#x57F;&#x561;&#x56F;&#x561;&#x576; &#x563;&#x580;&#x578;&#x572;&#xBB;,</subfield>
    <subfield code="c">1982.</subfield>
  </datafield>
  <datafield tag="300" ind1=" " ind2=" ">
    <subfield code="a">211 &#x567;&#x57B; ;</subfield>
    <subfield code="c">21 &#x57D;&#x574;</subfield>
  </datafield>
  <datafield tag="650" ind1=" " ind2=" ">
    <subfield code="a">&#x540;&#x561;&#x575; &#x563;&#x580;&#x561;&#x56F;&#x561;&#x576;&#x578;&#x582;&#x569;&#x575;&#x578;&#x582;&#x576;</subfield>
    <subfield code="x">&#x57E;&#x56B;&#x57A;&#x561;&#x56F;</subfield>
  </datafield>
  <datafield tag="653" ind1=" " ind2=" ">
    <subfield code="a">&#x54D;&#x537;&#x544;</subfield>
  </datafield>
  <datafield tag="700" ind1=" " ind2=" ">
    <subfield code="a">&#x548;&#x582;&#x574;&#x561;&#x57C;&#x575;&#x561;&#x576;,  &#x54D;. &#x540;.</subfield>
    <subfield code="e">&#x56D;&#x574;&#x562;.</subfield>
    <subfield code="4">edt.</subfield>
  </datafield>
  <datafield tag="942" ind1=" " ind2=" ">
    <subfield code="2">udc</subfield>
    <subfield code="c">BK</subfield>
  </datafield>
  <datafield tag="999" ind1=" " ind2=" ">
    <subfield code="c">76597</subfield>
    <subfield code="d">76597</subfield>
  </datafield>
  <datafield tag="952" ind1=" " ind2=" ">
    <subfield code="0">0</subfield>
    <subfield code="1">0</subfield>
    <subfield code="2">udc</subfield>
    <subfield code="4">0</subfield>
    <subfield code="7">0</subfield>
    <subfield code="8">&#x533;&#x580;&#x561;&#x57A;&#x561;&#x570;&#x578;&#x581;</subfield>
    <subfield code="a">SEM</subfield>
    <subfield code="b">SEM</subfield>
    <subfield code="d">2025-06-06</subfield>
    <subfield code="i">36207</subfield>
    <subfield code="l">0</subfield>
    <subfield code="o">891.981-3/&#x540;-17</subfield>
    <subfield code="p">36207</subfield>
    <subfield code="r">2025-06-06</subfield>
    <subfield code="w">2025-06-06</subfield>
    <subfield code="y">BK</subfield>
    <subfield code="z">&#x54D;&#x57A;&#x561;&#x57D;&#x561;&#x580;&#x56F;&#x57E;&#x578;&#x582;&#x574; &#x567; &#x568;&#x576;&#x569;&#x565;&#x580;&#x581;&#x561;&#x57D;&#x580;&#x561;&#x570;</subfield>
  </datafield>
</record>
